000 00620nam a2200205Ia 4500
005 20260415173412.0
008 008 250505s9999 xx 000 0 eng d
020 _a978-93-5002-820-9
037 _aTextBook
040 _aFEDL
_beng
_cFEDL
041 _aeng
_2eng
084 _a305.5 SHA/R
_qFEDL
100 _aSharma K L
245 0 _aCaste, social inequality and mobility in rural India: Reconceptualizing the Indian village
260 _aDelhi, India
_bAakar Books
_c2023
300 _axvi, 378p.
365 _aINR
_b995
942 _cTB
_h305.5 SHA/R
999 _c1400040
_d1400040